|
|
|
|
| LEADER |
00000nas a2200000 a 4500 |
| 001 |
ssj0001422 |
| 003 |
WaSeSS |
| 005 |
20200512172242.0 |
| 006 |
m d |
| 007 |
cr n |
| 008 |
930727d19932000vaumx p s 0 a0eng c |
| 010 |
|
|
|a 94649610
|z sn 93002847
|
| 022 |
|
|
|l 1070-9533
|y 1070-9533
|
| 035 |
|
|
|a (WaSeSS)ssj0001422
|
| 040 |
|
|
|a NSD
|b eng
|c NSD
|d NYG
|d DLC
|d IUL
|d HUL
|d DLC
|d WAU
|d IUL
|d NSD
|d IUL
|d GUA
|d OCL
|d NYG
|d ORU
|d OCL
|d SYS
|d NYG
|d NSD
|d BOS
|d OCLCQ
|d OCLCF
|d OCLCO
|d GILDS
|d OCLCO
|d AU@
|d WaSeSS
|
| 042 |
|
|
|a nsdp
|a pcc
|
| 043 |
|
|
|a n-us---
|
| 050 |
0 |
0 |
|a LA201
|b .H46
|
| 050 |
1 |
4 |
|a L11
|b .H54
|
| 082 |
0 |
0 |
|a 373.73/05
|2 20
|
| 210 |
0 |
|
|a High sch. mag.
|b (Rest. Va.)
|
| 222 |
|
4 |
|a The High school magazine
|b (Reston, Va.)
|
| 245 |
0 |
4 |
|a The high school magazine
|h [electronic resource].
|
| 246 |
3 |
|
|a High school magazine for principals, assistant principals, and all high school leaders
|
| 260 |
|
|
|a Reston, Va :
|b National Association of Secondary School Principals,
|c c1993-c2000.
|
| 310 |
|
|
|a 9 times a year,
|b Sept. 1999-May 2000
|
| 321 |
|
|
|a Four times a year,
|b Sept. 1993-Jun./Jul. 1997
|
| 321 |
|
|
|a 5 times a year,
|b Sept./Oct. 1997-<Mar./Apr. 1998>
|
| 321 |
|
|
|a 7 times a year,
|b Sept. 1998-May/June 1999
|
| 362 |
0 |
|
|a Vol. 1, no. 1 (Sept. 1993)-v. 7, no. 9 (May 2000).
|
| 500 |
|
|
|a Title from cover.
|
| 500 |
|
|
|a At head of title: For principals, assistant principals, and all high school leaders.
|
| 506 |
|
|
|a License restrictions may limit access.
|
| 580 |
|
|
|a Absorbed: Curriculum report.
|
| 650 |
|
0 |
|a Education, Secondary
|z United States
|v Periodicals.
|
| 650 |
|
0 |
|a High schools
|z United States
|x Administration
|v Periodicals.
|
| 650 |
|
0 |
|a Educational change
|z United States
|v Periodicals.
|
| 650 |
|
7 |
|a Education, Secondary.
|2 fast
|0 (OCoLC)fst00903252
|
| 650 |
|
7 |
|a Educational change.
|2 fast
|0 (OCoLC)fst00903371
|
| 650 |
|
7 |
|a High schools
|x Administration.
|2 fast
|0 (OCoLC)fst00956290
|
| 651 |
|
7 |
|a United States.
|2 fast
|0 (OCoLC)fst01204155
|
| 655 |
|
0 |
|a Electronic journals.
|
| 710 |
2 |
|
|a National Association of Secondary School Principals (U.S.)
|
| 780 |
1 |
5 |
|t Curriculum report
|w (DLC)sn 79004054
|w (OCoLC)2446287
|
| 785 |
0 |
0 |
|t Principal leadership (High school ed.)
|w (DLC) 00260156
|w (OCoLC)44998698
|
| 850 |
|
|
|a DLC
|a Gu
|a InU
|a MH-Ed
|a N
|a WaU
|
| 853 |
3 |
3 |
|8 1
|a v.
|b no.
|i (year/year)
|j (month)
|
| 856 |
4 |
0 |
|z Full text available from Research Library: 09/01/1999 to 05/31/2000
|u https://search.proquest.com/publication/33113
|
| 863 |
4 |
0 |
|8 1
|a <1>-
|i <1993/1994>-
|x provisional
|